Największe miasta krajów Europy - Statystyki

Ogólne statystyki
  • Ten quiz został rozwiązany 60 razy
  • Średni wynik to 162 z 794
Odpowiedzi na mapie
Odpowiedzi zakodowano w zielono-czerwonej skali na mapie do tego quizu, zgodnie z poniższymi procentami.
 
Statystyki odpowiedzi
Miasto Populacja Kraj % Poprawnych
Londyn 8,776,535 Anglia
88%
Oslo 1,082,575 Norwegia
88%
Sztokholm 994,298 Szwecja
88%
Madryt 3,182,981 Hiszpania
86%
Kijów 2,952,301 Ukraina
84%
Lublin 338,586 Polska
84%
Bar 46,171 Czarnogóra
81%
Barcelona 1,602,386 Hiszpania
81%
Berlin 3,677,472 Niemcy
81%
Helsinki 648,650 Finlandia
81%
Kopenhaga 1,378,649 Dania
81%
Praga 1,384,732 Czechy
81%
Rzym 2,761,632 Włochy
81%
Wilno 602,430 Litwa
81%
Ateny 643,452 Grecja
79%
Biel/Bienne 55,159 Szwajcaria
79%
Budapeszt 1,685,342 Węgry
79%
Paryż 2,133,111 Francja
79%
Ryga 605,273 Łotwa
79%
Tallinn 430,805 Estonia
79%
Warszawa 1,794,166 Polska
79%
Bukareszt 1,716,961 Rumunia
77%
Mińsk 1,836,808 Białoruś
77%
Monachium 1,487,708 Niemcy
77%
Sofia 1,190,256 Bułgaria
77%
Wrocław 641,928 Polska
77%
Bratysława 437,725 Słowacja
74%
Kilonia 246,243 Niemcy
74%
Kraków 779,966 Polska
74%
Lizbona 545,796 Portugalia
74%
Poznań 532,048 Polska
74%
Belgrad 1,383,875 Serbia
72%
Gdańsk 470,805 Polska
72%
Łódź 672,185 Polska
72%
Lyon 522,250 Francja
72%
Manchester 470,411 Anglia
72%
Mediolan 1,371,498 Włochy
72%
Szczecin 398,255 Polska
72%
Wiedeń 1,982,097 Austria
72%
Amsterdam 931,298 Holandia
70%
Bydgoszcz 344,091 Polska
70%
Dublin 592,713 Irlandia
70%
Gdynia 244,969 Polska
70%
Hamburg 1,906,411 Niemcy
70%
Lwów 717,273 Ukraina
70%
Marsylia 873,076 Francja
70%
Zagrzeb 663,592 Chorwacja
70%
Białystok 296,958 Polska
67%
Birmingham 1,121,408 Anglia
67%
Bray 33,512 Irlandia
67%
Brno 400,566 Czechy
67%
Charków 1,421,125 Ukraina
67%
Glasgow 632,350 Szkocja
67%
Katowice 290,553 Polska
67%
Neapol 914,758 Włochy
67%
Porto 231,800 Portugalia
67%
Rzeszów 197,863 Polska
67%
Berno 133,883 Szwajcaria
65%
Donieck 901,645 Ukraina(Okupacja Rosyjska)
65%
Frankfurt nad Menem 759,224 Niemcy
65%
Malmö 365,252 Szwecja
65%
Olsztyn 171,249 Polska
65%
Radom 209,296 Polska
65%
Toruń 198,613 Polska
65%
Sewilla 688,592 Hiszpania
63%
Turyn 848,885 Włochy
63%
Zielona Góra 140,892 Polska
63%
Bruksela 188,737 Belgia
60%
Elbląg 118,582 Polska
60%
Gliwice 177,049 Polska
60%
Gorzów Wielkopolski 122,589 Polska
60%
Kielce 193,415 Polska
60%
Kolonia 1,073,096 Niemcy
60%
Koszalin 106,235 Polska
60%
Kowno 304,210 Litwa
60%
Liverpool 506,552 Anglia
60%
Rotterdam 670,610 Holandia
60%
Walencja 807,693 Hiszpania
60%
Wenecja 254,661 Włochy
60%
Zurych 415,367 Szwajcaria
60%
Brześć 309,764 Białoruś
58%
Częstochowa 217,530 Polska
58%
Göteborg 608,462 Szwecja
58%
Malaga 574,654 Hiszpania
58%
Nicea 348,085 Francja
58%
Odessa 1,010,537 Ukraina
58%
Opole 127,839 Polska
58%
Palermo 630,828 Włochy
58%
Reykjavík 124,847 Islandia
58%
Dortmund 586,852 Niemcy
56%
Drezno 555,351 Niemcy
56%
Edynburg 506,520 Szkocja
56%
Florencja 367,150 Włochy
56%
Innsbruck 131,358 Austria
56%
Koszyce 238,593 Słowacja
56%
Płock 118,268 Polska
56%
Skopje 526,502 Macedonia Północna
56%
Tirana 389,323 Albania
56%
Bergen 269,548 Norwegia
53%
Dąbrowa Górnicza 118,285 Polska
53%
Kiszyniów 469,402 Mołdawia
53%
Leeds 536,321 Anglia
53%
Łuck 215,986 Ukraina
53%
Saloniki 309,617 Grecja
53%
Włocławek 108,561 Polska
53%
Zabrze 170,924 Polska
53%
Antwerpia 520,504 Belgia
51%
Bilbao 345,821 Hiszpania
51%
Bytom 163,255 Polska
51%
Chorzów 100 012 Polska
51%
Genewa 201,741 Szwajcaria
51%
Genua 560,688 Włochy
51%
Grodno 327,540 Białoruś
51%
Haga 566,221 Holandia
51%
Wałbrzych 109,971 Polska
51%
Brema 563,290 Niemcy
49%
Lipsk 601,866 Niemcy
49%
Prisztina 227,466 Kosowo
49%
Sarajewo 271,194 Bośnia i Hercegowina
49%
Sewastopol 393,304 Ukraina(Okupacja Rosyjska)
49%
Andora 20,719 Andora
47%
Bolonia 392,203 Włochy
47%
Bordeaux 261,704 Francja
47%
Bristol 425,232 Anglia
47%
Hanower 535,932 Niemcy
47%
Kłajpeda 159,403 Litwa
47%
Lublana 288,382 Słowenia
47%
Monako 38,367 Monako
47%
Newcastle Upon Tyne 286,468 Anglia
47%
Podgorica 180,186 Czarnogóra
47%
Rybnik 137,128 Polska
47%
Salzburg 155,619 Austria
47%
Tarnów 107,498 Polska
47%
Trondheim 196,948 Norwegia
47%
Bazylea 177,595 Szwajcaria
44%
Cardiff 348,535 Walia
44%
Dniepr 968,502 Ukraina
44%
Eindhoven 235,691 Holandia
44%
Graz 298,479 Austria
44%
Luksemburg 115,227 Luksemburg
44%
Norymberga 510,632 Niemcy
44%
Saragossa 681,877 Hiszpania
44%
Sosnowiec 197,586 Polska
44%
Split 149,830 Chorwacja
44%
Stuttgart 626,275 Niemcy
44%
Tychy 126,871 Polska
44%
Belfast 348,005 Irlandia Północna
42%
Bielsko-Biała 169,756 Polska
42%
Braga 146,543 Portugalia
42%
Cork 224,004 Irlandia
42%
Düsseldorf 619,477 Niemcy
42%
Lille 236,710 Francja
42%
Nottingham 299,797 Anglia
42%
Pilzno 185,599 Czechy
42%
Strasburg 291,313 Francja
42%
Tuluza 504,078 Francja
42%
Bari 316,140 Włochy
40%
Girona 100,266 Hiszpania
40%
Liège 197,885 Belgia
40%
Ostrawa 284,765 Czechy
40%
Rijeka 107,964 Chorwacja
40%
Ruda Śląska 136,423 Polska
40%
San Marino 4,113 San Marino
40%
Southampton 249,604 Anglia
40%
Vaduz 5,197 Liechtenstein
40%
Zaporoże 710,052 Ukraina
40%
Essen 579,432 Niemcy
37%
Katania 298,324 Włochy
37%
Linz 210,118 Austria
37%
Nantes 323,204 Francja
37%
Nowy Sad 306,702 Serbia
37%
Parma 196,655 Włochy
37%
Santander 171,951 Hiszpania
37%
Sheffield 500,552 Anglia
37%
Swansea 170,085 Walia
37%
Turku 190,935 Finlandia
37%
Vigo 296,692 Hiszpania
37%
Warna 311,093 Bułgaria
37%
A Coruña 247,604 Hiszpania
35%
Mariupol 425,681 Ukraina(Okupacja Rosyjska)
35%
Oksford 170,798 Anglia
35%
Aalborg 120,700 Dania
33%
Bonn 331,885 Niemcy
33%
Brugia 118,187 Belgia
33%
Cagliari 148,881 Włochy
33%
Gandawa 259,083 Belgia
33%
Getafe 178,288 Hiszpania
33%
Klagenfurt am Wörthersee 104,332 Austria
33%
Kordoba 325,701 Hiszpania
33%
Leicester 406,588 Anglia
33%
Plymouth 266,983 Anglia
33%
Utrecht 374,238 Holandia
33%
Watykan 764 Watykan
33%
Werona 257,274 Włochy
33%
Aarhus 295,688 Dania
30%
Breda 184,126 Holandia
30%
Homel 482,652 Białoruś
30%
Lugano 63,185 Szwajcaria
30%
Mannheim 311,831 Niemcy
30%
Murcja 437,667 Hiszpania
30%
Nisz 182,797 Serbia
30%
Norwich 200,770 Anglia
30%
Osijek 75,535 Chorwacja
30%
Rostock 208,400 Niemcy
30%
San Sebastián 186,665 Hiszpania
30%
Aberdeen 198,590 Szkocja
28%
Alicante 349,282 Hiszpania
28%
Bergamo 120,207 Włochy
28%
Brighton and Hove 277,106 Anglia
28%
Derby 275,599 Anglia
28%
Espoo 281,866 Finlandia
28%
Exeter 126,156 Anglia
28%
Gijón 271,717 Hiszpania
28%
Grenada 232,462 Hiszpania
28%
Groningen 238,147 Holandia
28%
Lahti 119,999 Finlandia
28%
Ługańsk 397,677 Ukraina(Okupacja Rosyjska)
28%
Odense 183,763 Dania
28%
Palma 424,837 Hiszpania
28%
Pula 52,220 Chorwacja
28%
Rennes 225,081 Francja
28%
Triest 200,594 Włochy
28%
Tyraspol 158,069 Mołdawia(Naddniestrze)
28%
Valladolid 299,265 Hiszpania
28%
Wolverhampton 234,015 Anglia
28%
York 141,671 Anglia
28%
Augsburg 296,478 Niemcy
26%
Bielefeld 334,002 Niemcy
26%
Brescia 196,850 Włochy
26%
Coventry 344,322 Anglia
26%
Debreczyn 199,858 Węgry
26%
Dijon 159,346 Francja
26%
Duisburg 495,152 Niemcy
26%
Hawr 166,058 Francja
26%
Heraklion 149,501 Grecja
26%
Kingston Upon Hull 270,806 Anglia
26%
Kluż-Napoka 286,598 Rumunia
26%
Luton 233,498 Anglia
26%
Maribor 97,068 Słowenia
26%
Montpellier 302,454 Francja
26%
Mosta 17,789 Malta
26%
Northampton 243,511 Anglia
26%
Ołomuniec 102,283 Czechy
26%
Pireus 168,151 Grecja
26%
Poczdam 183,154 Niemcy
26%
Poniewież 86,606 Litwa
26%
Tartu 93,715 Estonia
26%
Udine 100,170 Włochy
26%
Witebsk 347,928 Białoruś
26%
Zadar 67,309 Chorwacja
26%
Akwizgran 249,070 Niemcy
23%
Alkmaar 111,766 Holandia
23%
Banja Luka 138,963 Bośnia i Hercegowina
23%
Brest 139,619 Francja
23%
Brunszwik 248,823 Niemcy
23%
Dyneburg 77,799 Łotwa
23%
Iwano-Frankiwsk 238,196 Ukraina
23%
Krzywy Róg 603,904 Ukraina
23%
Kuopio 118,434 Finlandia
23%
Lozanna 139,111 Szwajcaria
23%
Lubeka 216,277 Niemcy
23%
Magdeburg 236,188 Niemcy
23%
Mohylew 358,279 Białoruś
23%
Oulu 202,753 Finlandia
23%
Uppsala 166,698 Szwecja
23%
Blackpool 149,056 Anglia
21%
Bochum 363,441 Niemcy
21%
Bournemouth 196,445 Anglia
21%
Burgos 176,418 Hiszpania
21%
Cambridge 152,725 Anglia
21%
Fryburg Bryzgowijski 231,848 Niemcy
21%
Ipswich 151,562 Anglia
21%
Krajowa 234,140 Rumunia
21%
León 124,028 Hiszpania
21%
Mikołajów 470,011 Ukraina
21%
Moguncja 217,556 Niemcy
21%
Monza 122,099 Włochy
21%
Mostar 60,194 Bośnia i Hercegowina
21%
Padwa 208,732 Włochy
21%
Pampeluna 198,750 Hiszpania
21%
Ratyzbona 153,542 Niemcy
21%
Reims 179,380 Francja
21%
Saint-Étienne 172,718 Francja
21%
Salerno 128,105 Włochy
21%
Sumy 256,474 Ukraina
21%
Sunderland 168,277 Anglia
21%
Tampere 234,441 Finlandia
21%
Watford 131,326 Anglia
21%
Wolfsburg 123,949 Niemcy
21%
Żylina 80,727 Słowacja
21%
Almería 198,533 Hiszpania
19%
Blackburn 124,983 Anglia
19%
Borysów 148,360 Białoruś
19%
Burgas 188,242 Bułgaria
19%
Chersoń 279,131 Ukraina
19%
Chester 138,875 Anglia
19%
Czernihów 282,747 Ukraina
19%
Durrës 101,728 Albania
19%
Gelsenkirchen 260,126 Niemcy
19%
Győr 127,599 Węgry
19%
Kadyks 116,027 Hiszpania
19%
Konstanca 263,688 Rumunia
19%
Koper 26,305 Słowenia
19%
Las Palmas de Gran Canaria 378,797 Hiszpania
19%
Leverkusen 163,851 Niemcy
19%
Liberec 107,982 Czechy
19%
Lincoln 104,565 Anglia
19%
Mariampol 36,704 Litwa
19%
Mesyna 220,094 Włochy
19%
Narwa 56,103 Estonia
19%
Oviedo 219,910 Hiszpania
19%
Peć 82,661 Kosowo
19%
Pińsk 131,708 Białoruś
19%
Płowdiw 321,824 Bułgaria
19%
Preston 147,800 Anglia
19%
Reading 203,795 Anglia
19%
Stavanger 148,682 Norwegia
19%
Zwolle 129,840 Holandia
19%
Baranowicze 169,777 Białoruś
16%
Caen 108,200 Francja
16%
Celje 37,802 Słowenia
16%
Chemnitz 243,105 Niemcy
16%
Coimbra 106,655 Portugalia
16%
Dundee 148,210 Szkocja
16%
Jełgawa 54,701 Łotwa
16%
Lucerna 81,691 Szwajcaria
16%
Metz 120,874 Francja
16%
Newport 130,890 Walia
16%
Pecz 139,330 Węgry
16%
Portsmouth 223,305 Anglia
16%
Szawle 110,463 Litwa
16%
Tarnopol 225,004 Ukraina
16%
Timișoara 250,849 Rumunia
16%
Trenczyn 55,383 Słowacja
16%
Trnawa 65,033 Słowacja
16%
Ulm 126,949 Niemcy
16%
Wuppertal 354,572 Niemcy
16%
Amiens 133,625 Francja
14%
Bańska Bystrzyca 78,084 Słowacja
14%
Bolton 184,073 Anglia
14%
Bradford 333,931 Anglia
14%
Browary 109,806 Ukraina
14%
Colchester 130,248 Anglia
14%
Czerkasy 269,836 Ukraina
14%
Dundalk 43,112 Irlandia
14%
Elche 238,293 Hiszpania
14%
Enschede 160,341 Holandia
14%
Galway 85,910 Irlandia
14%
Hamm 179,238 Niemcy
14%
Hradec Králové 93,906 Czechy
14%
Huelva 143,633 Hiszpania
14%
Jassy 271,692 Rumunia
14%
Kartagena 215,757 Hiszpania
14%
Le Mans 145,004 Francja
14%
Lipawa 66,680 Łotwa
14%
Livorno 154,177 Włochy
14%
Londonderry 85,279 Irlandia Północna
14%
Modena 185,644 Włochy
14%
Münster 317,713 Niemcy
14%
Nijmegen 177,359 Holandia
14%
Pardubice 92,362 Czechy
14%
Perugia 163,598 Włochy
14%
Połtawa 279,593 Ukraina
14%
Preszów 88,464 Słowacja
14%
Rimini 150,051 Włochy
14%
Saarbrücken 179,634 Niemcy
14%
Setúbal 98,470 Portugalia
14%
Stoke-on-Trent 260,602 Anglia
14%
Tarragona 132,199 Hiszpania
14%
Tuzla 74,457 Bośnia i Hercegowina
14%
Winnica 369,739 Ukraina
14%
Würzburg 126,933 Niemcy
14%
Żytomierz 261,624 Ukraina
14%
Albacete 173,050 Hiszpania
12%
Badajoz 150,530 Hiszpania
12%
Braszów 237,589 Rumunia
12%
Czeskie Budziejowice 97,377 Czechy
12%
Erfurt 213,227 Niemcy
12%
Ferrara 131,091 Włochy
12%
Foggia 146,379 Włochy
12%
Fürth 129,122 Niemcy
12%
Grenoble 157,477 Francja
12%
Halle(Saale) 238,061 Niemcy
12%
Jaén 112,999 Hiszpania
12%
Kassel 200,406 Niemcy
12%
Leganés 187,720 Hiszpania
12%
Limerick 102,287 Irlandia
12%
Marbella 143,386 Hiszpania
12%
Melitopol 148,851 Ukraina(Okupacja Rosyjska)
12%
Miszkolc 147,533 Węgry
12%
Nîmes 148,104 Francja
12%
Olita 51,353 Litwa
12%
Orsza 117,553 Białoruś
12%
Paderborn 152,531 Niemcy
12%
Parnawa 39,375 Estonia
12%
Patras 170,755 Grecja
12%
Peterborough 190,584 Anglia
12%
Równe 243,873 Ukraina
12%
Salamanka 144,825 Hiszpania
12%
Segedyn 158,797 Węgry
12%
Soligorsk 103,950 Białoruś
12%
Stara Zagora 121,582 Bułgaria
12%
Syrakuzy 116,447 Włochy
12%
Szkodra 61,633 Albania
12%
Tilburg 221,947 Holandia
12%
Vantaa 226,160 Finlandia
12%
Angers 157,175 Francja
9%
Ankona 100,924 Włochy
9%
Bobrujsk 215,694 Białoruś
9%
Budva 26,667 Czarnogóra
9%
Charleroi 201,256 Belgia
9%
Clermont-Ferrand 147,327 Francja
9%
Czerniowce 264,298 Ukraina
9%
Forlì 116,861 Włochy
9%
Gałacz 217,851 Rumunia
9%
Gillingham 108,483 Anglia
9%
Helsingborg 113,816 Szwecja
9%
Huddersfield 141,692 Anglia
9%
Ingolstadt 138,016 Niemcy
9%
Jena 110,502 Niemcy
9%
Karlovac 41,869 Chorwacja
9%
Karlsruhe 306,502 Niemcy
9%
Keflavík 15,930 Islandia
9%
Kristiansand 66,576 Norwegia
9%
Krzemieńczuk 215,271 Ukraina
9%
Larisa 146,595 Grecja
9%
Leuven 100,291 Belgia
9%
L’Hospitalet de Llobregat 253,518 Hiszpania
9%
Lida 103,916 Białoruś
9%
Makiejewka 338,968 Ukraina(Okupacja Rosyjska)
9%
Miluza 106,341 Francja
9%
Mönchengladbach 261,001 Niemcy
9%
Nitra 76,533 Słowacja
9%
Osnabrück 165,034 Niemcy
9%
Perpignan 119,656 Francja
9%
Pescara 119,406 Włochy
9%
Piacenza 102,902 Włochy
9%
Ploeszti 180,540 Rumunia
9%
Poprad 51,235 Słowacja
9%
Prizren 147,428 Kosowo
9%
Rawenna 156,080 Włochy
9%
Reus 104,962 Hiszpania
9%
Swindon 183,638 Anglia
9%
Symferopol 332,317 Ukraina(Okupacja Rosyjska)
9%
Tarent 189,171 Włochy
9%
Terrassa 215,517 Hiszpania
9%
Uście nad Łabą 91,342 Czechy
9%
Warrington 174,954 Anglia
9%
Wiesbaden 278,950 Niemcy
9%
Windawa 32,634 Łotwa
9%
Wlora 66,320 Albania
9%
Anderlecht 120,887 Belgia
7%
Berdiańsk 106,311 Ukraina(Okupacja Rosyjska)
7%
Biała Cerkiew 207,273 Ukraina
7%
Bolzano 107,025 Włochy
7%
Chmielnicki 274,452 Ukraina
7%
Drammen 122,955 Norwegia
7%
Dudelange 20,003 Luksemburg
7%
Eastbourne 101,689 Anglia
7%
Gloucester 118,541 Anglia
7%
Gorłówka 239,828 Ukraina(Okupacja Rosyjska)
7%
Jönköping 100,259 Szwecja
7%
Jyväskylä 140,812 Finlandia
7%
Kercz 147,033 Ukraina(Okupacja Rosyjska)
7%
Kragujevac 146,315 Serbia
7%
Kramatorsk 147,145 Ukraina
7%
Kranj 37,727 Słowenia
7%
Krefeld 227,050 Niemcy
7%
Kropywnycki 219,676 Ukraina
7%
Lleida 139,176 Hiszpania
7%
Maastricht 120,227 Holandia
7%
Maidstone 109,490 Anglia
7%
Mozyrz 110,299 Białoruś
7%
Nikopol 105,160 Ukraina
7%
Novi Pazar 71,462 Serbia
7%
Oldenburg 170,389 Niemcy
7%
Oradea 183,105 Rumunia
7%
Pawłohrad 101,430 Ukraina
7%
Ruse 123,134 Bułgaria
7%
Santa Cruz de Tenerife 208,688 Hiszpania
7%
Sassari 121,657 Włochy
7%
Subotica 94,228 Serbia
7%
Szybenik 31,115 Chorwacja
7%
Tetowo 63,176 Macedonia Północna
7%
Tours 137,658 Francja
7%
Trydent 118,509 Włochy
7%
Tulon 180,452 Francja
7%
Użhorod 115,449 Ukraina
7%
Vicenza 110,675 Włochy
7%
Villach 65,135 Austria
7%
Vitoria-Gasteiz 249,176 Hiszpania
7%
Waterford 60,079 Irlandia
7%
Worcester 105,455 Anglia
7%
Zenica 70,553 Bośnia i Hercegowina
7%
Akureyri 18,542 Islandia
5%
Ałczewsk 106,062 Ukraina(Okupacja Rosyjska)
5%
Almere 214,715 Holandia
5%
Apeldoorn 164,781 Holandia
5%
Argenteuil 107,221 Francja
5%
Arnhem 162,424 Holandia
5%
Badalona 217,210 Hiszpania
5%
Besançon 119,198 Francja
5%
Bielce 97,930 Mołdawia
5%
Birkenhead 109,848 Anglia
5%
Braiła 154,686 Rumunia
5%
Bremerhaven 113,173 Niemcy
5%
Cheltenham 115,959 Anglia
5%
Crawley 120,549 Anglia
5%
Darmstadt 159,631 Niemcy
5%
Drogheda 44,135 Irlandia
5%
Eupatoria 105,719 Ukraina(Okupacja Rosyjska)
5%
Fredrikstad 85,044 Norwegia
5%
Funchal 105,590 Portugalia
5%
Gateshead 115,316 Anglia
5%
Getynga 116,557 Niemcy
5%
Hafnarfjörður 29,409 Islandia
5%
Hagen 188,713 Niemcy
5%
Herceg Novi 31,471 Czarnogóra
5%
Jurmała 52,154 Łotwa
5%
Kalitea 97,616 Grecja
5%
Kamieńskie 226,845 Ukraina
5%
Kecskemét 108,120 Węgry
5%
Kópavogur 35,966 Islandia
5%
Latina 127,221 Włochy
5%
Les Escaldes 15,506 Andora
5%
Linköping 115,672 Szwecja
5%
Livingston 56,840 Szkocja
5%
Middlesbrough 148,219 Anglia
5%
Milton Keynes 197,354 Anglia
5%
Nikšić 66,725 Czarnogóra
5%
Novara 101,727 Włochy
5%
Novo Mesto 24,446 Słowenia
5%
Oberhausen 208,752 Niemcy
5%
Ochryda 38,818 Macedonia Północna
5%
Örebro 126,009 Szwecja
5%
Orlean 116,617 Francja
5%
Pforzheim 125,529 Niemcy
5%
Pitești 141,275 Rumunia
5%
Poole 140,977 Anglia
5%
Rouen 114,083 Francja
5%
Saint-Denis 113,942 Francja
5%
Schaan 5,748 Liechtenstein
5%
Slavonski Brod 45,005 Chorwacja
5%
Slough 166,877 Anglia
5%
Solihull 107,728 Anglia
5%
Solingen 158,957 Niemcy
5%
Southend-on-Sea 182,287 Anglia
5%
Stockport 117,941 Anglia
5%
Sybin 134,309 Rumunia
5%
Szombathely 78,190 Węgry
5%
Târgu Mureș 116,033 Rumunia
5%
Valmiera 22,376 Łotwa
5%
Västerås 128,534 Szwecja
5%
Vila Nova de Gaia 188,421 Portugalia
5%
Villeurbanne 156,928 Francja
5%
Winterthur 111,840 Szwajcaria
5%
Wrexham 44,785 Walia
5%
Aix-En-Provence 147,478 Francja
2%
Alcorcón 168,141 Hiszpania
2%
Amadora 171,454 Portugalia
2%
Amersfoort 157,462 Holandia
2%
Annecy 131,715 Francja
2%
Arad 145,078 Rumunia
2%
Bacău 136,087 Rumunia
2%
Baia Mare 108,759 Rumunia
2%
Ballymena 31,205 Irlandia Północna
2%
Bangor 64,596 Irlandia Północna
2%
Barakaldo 100,435 Hiszpania
2%
Basildon 115,964 Anglia
2%
Berat 40,665 Albania
2%
Bihać 39,690 Bośnia i Hercegowina
2%
Bitola 69,287 Macedonia Północna
2%
Bottrop 117,311 Niemcy
2%
Boulogne-Billancourt 119,808 Francja
2%
Brczko 39,893 Bośnia i Hercegowina
2%
Bridgend 51,760 Walia
2%
Carrickfergus 28,141 Irlandia Północna
2%
Castelló de la Plana 176,238 Hiszpania
2%
Chelmsford 110,606 Anglia
2%
Cumbernauld 50,530 Szkocja
2%
Cwmbran 47,090 Walia
2%
Differdange 24,805 Luksemburg
2%
Djakowica 78,824 Kosowo
2%
Dordrecht 119,115 Holandia
2%
Dos Hermanas 133,968 Hiszpania
2%
Dunfermline 54,990 Szkocja
2%
East Kilbride 75,310 Szkocja
2%
Ennis 27,923 Irlandia
2%
Esch-sur-Alzette 33,939 Luksemburg
2%
Fiorentino 2,615 San Marino
2%
Giugliano in Campania 122,935 Włochy
2%
Haarlem 162,543 Holandia
2%
Heidelberg 159,245 Niemcy
2%
Heilbronn 125,613 Niemcy
2%
Herne 156,621 Niemcy
2%
Hildesheim 100,319 Niemcy
2%
Jerez de la Frontera 212,749 Hiszpania
2%
Kiejdany 23,362 Litwa
2%
Kotor 21,916 Czarnogóra
2%
Kruševac 68,119 Serbia
2%
Kumanowo 75,051 Macedonia Północna
2%
Kuressaare 13,276 Estonia
2%
Lejda 124,093 Holandia
2%
Limoges 129,760 Francja
2%
Lisburn 51,447 Irlandia Północna
2%
Llanelli 42,155 Walia
2%
Logroño 147,036 Hiszpania
2%
Ludwigshafen am Rhein 172,145 Niemcy
2%
Lurgan 28,634 Irlandia Północna
2%
Maardu 15,189 Estonia
2%
Martin 54,168 Słowacja
2%
Merthyr Tydfil 39,535 Walia
2%
Mitrowica 68,000 Kosowo
2%
Montreuil 111,455 Francja
2%
Móstoles 206,589 Hiszpania
2%
Mülheim an der Ruhr 170,739 Niemcy
2%
Namur 110,628 Belgia
2%
Nancy 104,260 Francja
2%
Navan 33,886 Irlandia
2%
Neath 40,730 Walia
2%
Neuss 152,731 Niemcy
2%
Newry 27,913 Irlandia Północna
2%
Newtownards 29,677 Irlandia Północna
2%
Nyíregyháza 116,282 Węgry
2%
Offenbach am Main 131,295 Niemcy
2%
Oldham 110,718 Anglia
2%
Ourense 105,643 Hiszpania
2%
Paisley 77,270 Szkocja
2%
Parla 125,898 Hiszpania
2%
Peristeri 133,630 Grecja
2%
Plewen 90,209 Bułgaria
2%
Pljevlja 24,542 Czarnogóra
2%
Podujevo 70,975 Kosowo
2%
Pori 84,566 Finlandia
2%
Portadown 32,926 Irlandia Północna
2%
Prato 200,762 Włochy
2%
Ptuj 18,274 Słowenia
2%
Rakvere 15,413 Estonia
2%
Recklinghausen 110,714 Niemcy
2%
Reggio di Calabria 171,800 Włochy
2%
Reggio Nell'Emilia 169,029 Włochy
2%
Rochdale 111,261 Anglia
2%
Rybnica 53,648 Mołdawia(Naddniestrze)
2%
Rzeżyca 26,131 Łotwa
2%
Sabadell 207,444 Hiszpania
2%
Salford 108,409 Anglia
2%
Sandnes 83,382 Norwegia
2%
Sant Julià de Lòria 7,962 Andora
2%
Sarpsborg 59,038 Norwegia
2%
Schaerbeek 132,799 Belgia
2%
Selfoss 7,564 Islandia
2%
Serravalle 11,143 San Marino
2%
'S-Hertogenbosch 160,783 Holandia
2%
Siegen 101,516 Niemcy
2%
Słowiańsk 105,141 Ukraina
2%
St.Gallen 75,833 Szwajcaria
2%
St Helens 107,677 Anglia
2%
Sutton Coldfield 109,899 Anglia
2%
Swords 40,776 Irlandia
2%
Székesfehérvár 95,045 Węgry
2%
Sztip 42,000 Macedonia Północna
2%
Telsze 22,024 Litwa
2%
Terni 107,314 Włochy
2%
Trewir 110,570 Niemcy
2%
Varaždin 36,187 Chorwacja
2%
Venlo 101,988 Holandia
2%
Wels 64,385 Austria
2%
West Bromwich 103,112 Anglia
2%
Worthing 111,261 Anglia
2%
Wythenshawe 110,000 Anglia
2%
Żabbar 15,030 Malta
2%
Zoetermeer 125,267 Holandia
2%
Acharnes 100,857 Grecja
0%
Acquaviva 2,127 San Marino
0%
Agualva-Cacém 81,006 Portugalia
0%
Akranes 7,249 Islandia
0%
Alcalá de Henares 194,300 Hiszpania
0%
Alcobendas 114,864 Hiszpania
0%
Algeciras 121,957 Hiszpania
0%
Almada 85,851 Portugalia
0%
Alphen ann den Rijn 112,587 Holandia
0%
Arezzo 100,734 Włochy
0%
Arinsal 1,838 Andora
0%
Balzers 4,447 Liechtenstein
0%
Barry 56,605 Walia
0%
Basingstoke 117,207 Anglia
0%
Bendery 97,027 Mołdawia(Naddniestrze)
0%
Berane 25,162 Czarnogóra
0%
Bergisch Gladbach 111,645 Niemcy
0%
Bijeljina 45,278 Bośnia i Hercegowina
0%
Bijelo Polje 39,710 Czarnogóra
0%
Birkirkara 21,676 Malta
0%
Borgo Maggiore 6,946 San Marino
0%
Buzău 103,481 Rumunia
0%
Čačak 69,598 Serbia
0%
Canillo 2,280 Andora
0%
Chiesanuova 1,175 San Marino
0%
Darlington 107,800 Anglia
0%
Delft 103,581 Holandia
0%
Deventer 101,236 Holandia
0%
Diekirch 6,896 Luksemburg
0%
Dobricz 71,947 Bułgaria
0%
Domagnano 3,589 San Marino
0%
Dornbirn 51,222 Austria
0%
Dubosary 23,650 Mołdawia(Naddniestrze)
0%
Echternach 5,249 Luksemburg
0%
Ede 118,530 Holandia
0%
Elbasan 66,834 Albania
0%
Emmen 107,024 Holandia
0%
Encamp 8,326 Andora
0%
Esbjerg 71,505 Dania
0%
Eschen 4,008 Liechtenstein
0%
Ettelbruck 8,544 Luksemburg
0%
Faetano 1,173 San Marino
0%
Fgura 11,676 Malta
0%
Fier 52,926 Albania
0%
Fuenlabrada 194,669 Hiszpania
0%
Gamprin 1,268 Liechtenstein
0%
Garðabær 12,912 Islandia
0%
Gnjilane 82,901 Kosowo
0%
Gostiwar 32,814 Macedonia Północna
0%
Grevenmacher 4,794 Luksemburg
0%
Gütersloh 101,158 Niemcy
0%
Hamilton 54,480 Szkocja
0%
Horsens 63,903 Dania
0%
Ilidža 63,528 Bośnia i Hercegowina
0%
Janów 26,838 Litwa
0%
Jekabpils 21,150 Łotwa
0%
Jesenice 13,778 Słowenia
0%
Kaguł 30,018 Mołdawia
0%
Kalamaria 92,248 Grecja
0%
Kamëz 61,739 Albania
0%
Kamnik 13,807 Słowenia
0%
Kohtla-Järve 34,394 Estonia
0%
Kolding 62,444 Dania
0%
Korcza 43,254 Albania
0%
Kosowe Pole 64,078 Kosowo
0%
Kouvola 83,600 Finlandia
0%
La Massana 5,979 Andora
0%
Leeuwarden 124,481 Holandia
0%
Lushnja 26,036 Albania
0%
Mauren 3,626 Liechtenstein
0%
Moers 103,725 Niemcy
0%
Montegiardino 1,015 San Marino
0%
Mosfellsbær 10,225 Islandia
0%
Ogre 22,767 Łotwa
0%
Ordino 3,095 Andora
0%
Orgiejów 21,065 Mołdawia
0%
Pančevo 86,408 Serbia
0%
Pas de la Casa 1,889 Andora
0%
Prijedor 29,555 Bośnia i Hercegowina
0%
Prilep 63,308 Macedonia Północna
0%
Qormi 18,230 Malta
0%
Randers 64,158 Dania
0%
Remscheid 111,770 Niemcy
0%
Reutlingen 116,456 Niemcy
0%
Roskilde 52,974 Dania
0%
Rožaje 25,247 Czarnogóra
0%
Ruggell 1,862 Liechtenstein
0%
Rumelange 5,422 Luksemburg
0%
Saint John 12,346 Malta
0%
Saint Paul’s Bay 14,057 Malta
0%
Salzgitter 103,694 Niemcy
0%
San Cristóbal de La Laguna 157,815 Hiszpania
0%
Santa Coloma 3,323 Andora
0%
Santa Coloma de Gramenet 118,738 Hiszpania
0%
Schellenberg 1,004 Liechtenstein
0%
Seltjarnarnes 4,575 Islandia
0%
Silema 11,318 Malta
0%
Sillamäe 12,989 Estonia
0%
Skien 55,924 Norwegia
0%
Sliwen 79,362 Bułgaria
0%
Soroki 22,196 Mołdawia
0%
St. Pölten 57,639 Austria
0%
Strumica 33,825 Macedonia Północna
0%
Szumen 67,300 Bułgaria
0%
Telde 102,472 Hiszpania
0%
Telford 156,896 Anglia
0%
Torrejón de Ardoz 128,013 Hiszpania
0%
Triesen 4,701 Liechtenstein
0%
Triesenberg 2,689 Liechtenstein
0%
Ungheni 30,804 Mołdawia
0%
Upplands Väsby 149,461 Szwecja
0%
Uroševac 109,345 Kosowo
0%
Velenje 25,473 Słowenia
0%
Velje 61,706 Dania
0%
Viljandi 17,525 Estonia
0%
Vučitrn 61,500 Kosowo
0%
Wakefield 109,767 Anglia
0%
Wełes 40,664 Macedonia Północna
0%
Wiltz 6,522 Luksemburg
0%
Żebbuġ 11,063 Malta
0%
Żejtun 11,549 Malta
0%
Zrenjanin 67,129 Serbia
0%
Nie znaleziono quizów pasujących do podanych kryteriów
Rozkład punktacji
Procent ludzi z każdym wynikiem
Percentyl według liczby udzielonych odpowiedzi
Twoja historia wyników
Nie rozwiązałeś tego quizu